| 000 | 00562nam a2200169 i 4500 | ||
|---|---|---|---|
| 001 | 129027 | ||
| 003 | ES-MaACL | ||
| 005 | 20230906193426.0 | ||
| 007 | t| | ||
| 008 | 070604s1961 sp ||||1| spa d | ||
| 100 | 0 |
_aTecedor Hernáez, Carmelo. _9109497 |
|
| 245 | 1 | 3 |
_aLa parroquia de Leiva : _bapuntes históricos de la villa : novena de formación religiosa / _cCarmelo Tecedor Hernáez. |
| 260 |
_a[Logroño : _bImp. Moderna, _c1961] |
||
| 300 |
_a173 p. : _bil. ; _c18 cm. |
||
| 651 | 4 |
_aLeiva- _xHistoria. _9160487 |
|
| 852 |
_aES-MaACL _jC-25659 _bR.51600 |
||
| 999 |
_c129027 _d129027 |
||